| 000 | 00343nam a2200145Ia 4500 | ||
|---|---|---|---|
| 005 | 20251222141905.0 | ||
| 008 | 251222s9999||||xx |||||||||||||| ||spa|| | ||
| 020 | _a84-7698-157-0 | ||
| 082 | _a346/A36C | ||
| 100 | _aAlbaladejo, Manuel | ||
| 245 | 0 | _aCompendio de Derecho Civil | |
| 250 | _a8a.ed. | ||
| 264 | _bJose Maria Bosh | ||
| 942 | _cLIB | ||
| 999 |
_c8196 _d8196 |
||